000
00310nam a22001337a 4500
008
181221b xxu||||| |||| 00| 0 eng d
020
_a
783254034112
041
_a
eng
080
_a
004
100
_a
35
101
_a
SHK
245
_a
A Core Hardware Operaing Systems Exams
_c
Duncan.A
942
_2
udc
_c
BK
999
_c
53609
_d
53609